00349 a2200145 4500020001800000082001800018100001900036245005400055250001000109260002200119300001600141500001500157505001500172600001600187 a9780471728979 a510.24621 KRE aErwin Kreyszig aAdvance Engineering Mathematics 10 th/edhEnglish a10 th aAsiabwileyc2011 axiii 1134p. aH & S text aNUTS Books aMathematics